Romeo and Juliet (Record no. 16737)
[ view plain ]
| 000 -LEADER | |
|---|---|
| fixed length control field | 00277nam a22001217a 4500 |
| 008 - FIXED-LENGTH DATA ELEMENTS--GENERAL INFORMATION | |
| fixed length control field | 131217t xxu||||| |||| 00| 0 eng d |
| 020 ## - INTERNATIONAL STANDARD BOOK NUMBER | |
| International Standard Book Number | 0-14-070701-8 |
| 100 ## - MAIN ENTRY--PERSONAL NAME | |
| Personal name | Shakespeare |
| 9 (RLIN) | 465 |
| 245 ## - TITLE STATEMENT | |
| Title | Romeo and Juliet |
| 246 ## - VARYING FORM OF TITLE | |
| Title proper/short title | romeo and juliet |
| 300 ## - PHYSICAL DESCRIPTION | |
| Extent | 000 |
| 942 ## - ADDED ENTRY ELEMENTS (KOHA) | |
| Source of classification or shelving scheme | |
| Koha item type | Book |
| Withdrawn status | Lost status | Source of classification or shelving scheme | Damaged status | Not for loan | Collection code | Permanent Location | Current Location | Date acquired | Total Checkouts | Full call number | Barcode | Date last seen | Date last checked out | Price effective from | Koha item type |
|---|---|---|---|---|---|---|---|---|---|---|---|---|---|---|---|
| Atta-ur-Rahman School of Applied Biosciences (ASAB) | Atta-ur-Rahman School of Applied Biosciences (ASAB) | 12/17/2013 | 1 | Fic Sha | ASAB3012 | 03/22/2017 | 10/12/2015 | 12/17/2013 | Book | ||||||
| Atta-ur-Rahman School of Applied Biosciences (ASAB) | Atta-ur-Rahman School of Applied Biosciences (ASAB) | 12/17/2013 | Fic Sha | ASAB3013 | 12/17/2013 | 12/17/2013 | Book |
